000 00579nam a22002177a 4500
001 BD-DhSAU 2595
003 BD-DhSAU
005 20150129131641.0
008 150129b1982 ii a||||r|||| 001 0 eng d
040 _aBD-DhSAU
082 _222
_a574.192
_bLEP
100 _aLehninger, Albert L.
245 _aPrinciples of biochemistry /
_cAlbert L. Lehninger.
260 _aDelhi :
_bCBS Publishers ,
_cc1982.
300 _axxiv, 1011 p. :
_bill. ;
_c28 cm.
504 _aIncludes index.
590 _ajoy
650 _aChemistry.
650 _aBiochimie.
650 _aBiochemistry.
942 _2ddc
_cBOOK
999 _c2595
_d2595